| 000 | 00548nam a22002057a 4500 | ||
|---|---|---|---|
| 003 | OSt | ||
| 005 | 20140310181942.0 | ||
| 008 | 130724t xxu||||| |||| 00| 0 eng d | ||
| 020 | _a0192815849 | ||
| 050 |
_aPG 3366.A15 _b.T654 1982 |
||
| 082 |
_aCLA T58r _b1982 |
||
| 100 |
_aTolstoy, Leo _93261 |
||
| 245 |
_aThe raid and other stories / _c Leo Tolstoy |
||
| 260 |
_aOxford : _bOxford University press, _cc1991. |
||
| 300 |
_axiv, 286 p. _c18 cm. |
||
| 541 | _j1 | ||
| 562 | _e1 | ||
| 650 |
_a Fiction _9746 |
||
| 942 |
_2lcc _cBBK _kCLA |
||
| 999 |
_c7699 _d7699 |
||